| 000 -LEADER |
| fixed length control field |
00671 a2200217 4500 |
| 003 - CONTROL NUMBER IDENTIFIER |
| control field |
OSt |
| 005 - DATE AND TIME OF LATEST TRANSACTION |
| control field |
20260213165228.0 |
| 008 - FIXED-LENGTH DATA ELEMENTS--GENERAL INFORMATION |
| fixed length control field |
260213b ||||| |||| 00| 0 eng d |
| 020 ## - INTERNATIONAL STANDARD BOOK NUMBER |
| International Standard Book Number |
9780140446036 |
| 040 ## - CATALOGING SOURCE |
| Transcribing agency |
. |
| 082 ## - DEWEY DECIMAL CLASSIFICATION NUMBER |
| Classification number |
320.954 |
| Item number |
K217 |
| 100 ## - MAIN ENTRY--PERSONAL NAME |
| 9 (RLIN) |
6590 |
| Personal name |
Kautilya |
| 245 ## - TITLE STATEMENT |
| Title |
Kautilya: The Arthashastra |
| Statement of responsibility, etc. |
Kautilya |
| 260 ## - PUBLICATION, DISTRIBUTION, ETC. |
| Name of publisher, distributor, etc. |
Penguin Random House India, |
| Place of publication, distribution, etc. |
Haryana : |
| Date of publication, distribution, etc. |
1992. |
| 300 ## - PHYSICAL DESCRIPTION |
| Extent |
ix, 819p. |
| 650 #0 - SUBJECT ADDED ENTRY--TOPICAL TERM |
| 9 (RLIN) |
6591 |
| Topical term or geographic name entry element |
The State and its Constituent Elements |
|
| 9 (RLIN) |
6592 |
| Topical term or geographic name entry element |
Treasury, Sources of Revenue, Accounts and Audit |
|
| 9 (RLIN) |
6593 |
| Topical term or geographic name entry element |
Law and Justice |
| 700 ## - ADDED ENTRY--PERSONAL NAME |
| 9 (RLIN) |
6594 |
| Personal name |
Rangarajan, L. N. |
| Relator term |
Editor, Re-arranger, Translator |
| 942 ## - ADDED ENTRY ELEMENTS (KOHA) |
| Source of classification or shelving scheme |
|
| Koha item type |
Books |